Feminism and the classroom teacher : (Record no. 24337)

MARC details
000 -CABECERA
campo de control de longitud fija 00586nam a2200193 a 4500
005 - FECHA Y HORA DE LA ÚLTIMA TRANSACCIÓN
campo de control 20260417064121.0
008 - ELEMENTOS DE LONGITUD FIJA--INFORMACIÓN GENERAL
campo de control de longitud fija 991125s2000 ea 000 0 eng u
020 ## - NÚMERO INTERNACIONAL NORMALIZADO PARA LIBROS
Número Internacional Estándar del Libro 0750707496
035 ## - NÚMERO DE CONTROL DEL SISTEMA
Número de control de sistema UPN01000024337
049 ## - COLECCIÓN
Colección CG
050 #4 - SIGNATURA TOPOGRÁFICA DE LA BIBLIOTECA DEL CONGRESO
Número de clasificación LC197
Número de documento/Ítem C6.3
100 1# - ASIENTO PRINCIPAL--NOMBRE PERSONAL
Nombre de persona Coffey, Amanda,
Fechas asociadas al nombre 1967-
9 (RLIN) 31087
245 10 - MENCIÓN DE TÍTULO
Título Feminism and the classroom teacher :
Resto del título research, praxis, pedagogy /
Mención de responsabilidad, etc. Amanda Coffey and Sara Delamont.
260 ## - PUBLICACIÓN, DISTRIBUCIÓN, ETC.
Lugar de publicación, distribución, etc. London :
Nombre del editor, distribuidor, etc. Routledge Falmer,
Fecha de publicación, distribución, etc. 2000.
300 ## - DESCRIPCIÓN FÍSICA
Extensión 182 p.
650 #4 - ASIENTO SECUNDARIO DE MATERIA - TERMINO TEMATICO
Término de materia o nombre geográfico como elemento de entrada Feminismo y educación
9 (RLIN) 9163
700 1# - ASIENTO SECUNDARIO--NOMBRE DE PERSONAL
Nombre de persona Delamont, Sara,
Término indicativo de función/relación coaut.
905 ## - TIPO DE MATERIAL
Tipo de material Libro
Holdings
Estado de retiro Estado de pérdida Fuente del sistema de clasificación o colocación Estado dañado No para préstamo Código de colección Localización permanente Ubicación/localización actual Ubicación en estantería Fecha de adquisición Total de préstamos Renovaciones totales Clasificación Código de barras Fecha visto por última vez Fecha del último préstamo Número de copia Tipo de ítem Koha
    Library of Congress Classification     Colección General Bib. Gregorio Torres Quintero Bib. Gregorio Torres Quintero Planta baja 16/08/2024 5 1 LC197 C6.3 165132 18/09/2024 16/08/2024 1 Libro